Statistics for Golden Globe Winners for Best Actor in a Comedy/Musical Motion Picture

Click here to take the quiz!

General Stats

  • This quiz has been taken 30 times
  • The average score is 47 of 75

Answer Stats

YearFilmWinner% Correct
2004RayJamie Foxx
100%
2013The Wolf of Wall StreetLeonardo DiCaprio
100%
2014BirdmanMichael Keaton
100%
2016La La LandRyan Gosling
100%
1996Jerry MaguireTom Cruise
100%
2003Lost in TranslationBill Murray
96%
2008In BrugesColin Farrell
96%
2022The Banshees of InisherinColin Farrell
96%
1997As Good as It GetsJack Nicholson
96%
1985Prizzi's HonorJack Nicholson
96%
2007Sweeney Todd: The Demon Barber of Fleet StreetJohnny Depp
96%
2015The MartianMatt Damon
96%
1993Mrs. DoubtfireRobin Williams
96%
1987Good Morning, VietnamRobin Williams
96%
1991The Fisher KingRobin Williams
96%
2020Borat Subsequent MoviefilmSacha Baron Cohen
96%
2006BoratSacha Baron Cohen
96%
1988BigTom Hanks
96%
1982TootsieDustin Hoffman
93%
2000O Brother, Where Art Thou?George Clooney
93%
2012Les MisérablesHugh Jackman
93%
1989Driving Miss DaisyMorgan Freeman
93%
2009Sherlock HolmesRobert Downey Jr.
93%
2023The HoldoversPaul Giamatti
85%
2010Barney's VersionPaul Giamatti
85%
1994Four Weddings and a FuneralHugh Grant
81%
1999Man on the MoonJim Carrey
81%
2021Tick, Tick...Boom!Andrew Garfield
78%
2001The Royal TenenbaumsGene Hackman
78%
2011The ArtistJean Dujardin
78%
2005Walk the LineJoaquin Phoenix
78%
2017The Disaster ArtistJames Franco
74%
2018ViceChristian Bale
70%
2002ChicagoRichard Gere
70%
2019RocketmanTaron Egerton
70%
1959Some Like It HotJack Lemmon
67%
1960The ApartmentJack Lemmon
67%
1972Avanti!Jack Lemmon
67%
1978Heaven Can WaitWarren Beatty
67%
1995Get ShortyJohn Travolta
63%
1981ArthurDudley Moore
59%
1984Micki & MaudeDudley Moore
59%
1986Crocodile DundeePaul Hogan
56%
1983Educating RitaMichael Caine
52%
1998Little VoiceMichael Caine
52%
1967CamelotRichard Harris
52%
1950Three Little WordsFred Astaire
48%
1975The Sunshine BoysWalter Matthau
48%
1964My Fair LadyRex Harrison
44%
1957Pal JoeyFrank Sinatra
41%
1965Cat BallouLee Marvin
41%
1979Being TherePeter Sellers
41%
1992The PlayerTim Robbins
41%
1971Fiddler on the RoofTopol
41%
1966The Russians Are Coming, the Russians Are ComingAlan Arkin
37%
1974Harry and TontoArt Carney
37%
1975The Sunshine BoysGeorge Burns
37%
1990Green CardGérard Depardieu
37%
1976A Star Is BornKris Kristofferson
37%
1962Divorce Italian StyleMarcello Mastroianni
37%
1969Goodbye, Mr. ChipsPeter O'Toole
37%
1977The Goodbye GirlRichard Dreyfuss
37%
1970ScroogeAlbert Finney
30%
1953The Moon Is BlueDavid Niven
30%
1952Singin' in the RainDonald O'Connor
26%
1954A Star Is BornJames Mason
26%
1968Oliver!Ron Moody
26%
1963To Bed or Not to BedAlberto Sordi
19%
1951On the RivieraDanny Kaye
19%
1958Me and the ColonelDanny Kaye
19%
1956Around the World in 80 DaysCantinflas
15%
1973A Touch of ClassGeorge Segal
15%
1955The Seven Year ItchTom Ewell
15%
1961Pocketful of MiraclesGlenn Ford
11%
1980The IdolmakerRay Sharkey
11%

Score Distribution

Percentile by Number Answered

Percent of People with Each Score

Your Score History

You have not taken this quiz